000 00554nam a2200193Ia 4500
005 20250508170226.0
008 008 250505s9999 xx 000 0 eng d
037 _aDissertations
040 _aFEDL
_beng
_cFEDL
041 _aeng
_2eng
084 _a371.39, RUC/DI
_qFEDL
100 _aRuchika
245 0 _aSocial media shapes students' perception: An exploratory study
260 _c2023
300 _avii, 72p.
546 _aM.Ed. Dissertation (Delhi University)
942 _cDIS
_h371.39, RUC/DI
999 _c1399903
_d1399903